| 000 | 02326nab a2200265 a 4500 | ||
|---|---|---|---|
| 005 | 20250203075803.0 | ||
| 007 | ta | ||
| 008 | 250128e2022 dr uu|p|r||||||0| 0 spa d | ||
| 022 | _a2636-1981 | ||
| 040 |
_aDO-SdBNP _cDO-SdBNP _erda |
||
| 041 | _hspa | ||
| 100 |
_aDíaz, Miguel A. _986924 |
||
| 245 |
_aEl sector minero : _b¿potencial reserva fría de la economía Dominicana? / _cMiguel A. Díaz |
||
| 264 |
_aSanto Domingo, República Dominicana : _bSociedad Dominicana de Geología (SODOGEO), _c2022 |
||
| 300 |
_apáginas 21 ; _c28 cm. |
||
| 310 | _aDesconocida. | ||
| 336 |
_atexto _btxt _2rdacontent |
||
| 337 |
_asin mediación _bn _2rdamedia |
||
| 338 |
_avolumen _bnc _2rdacarrier |
||
| 362 | _aVolumen 18, No. 47, Agosto 2022 | ||
| 521 | _aSe plantea la pregunta de si el sector minero puede actuar como reserva fría de la economía dominicana. El análisis de tres tipos de cheques externos: dos que han ocurrido recientemente y uno por venir constituye el punto de partida para explicar como la economía dominicana reaccionó o está reaccionando y cómo podría reaccionar a futuros choques externos. Se concluye que el sector minero ha demostrado que puede ser la reserva fría de la economía dominicana, pero a la vez destaca la importancia de que el país utilice el método científico para tomar decisiones basadas en la evidencia científica, tanto en proyectos presentes, como futuros, de tal forma que la evaluación de los aspectos ambientales, económicos y sociales forme parte intrínseca de ellos. En conclusion, sector minero puede ser la reserva fría de la economía dominicana si permitimos, como sociedad, que los proyectos de exploración avancen hasta la fase de estudios, de tal forma que podamos evaluar y tomar podamos evaluar y tomar decisiones sobre cada proyecto desde el punto de vista ambiental, económico y social, basados en la evidencia científica. El método científico tiene técnicas y procedimientos exitosos para determinar la verdad científica que garantiza a la sociedad la certeza de siempre sentirse segura de las decisiones que adopta. | ||
| 650 | 0 |
_aMineria _926253 _vPublicaciones periódicas _zRepública Dominicana |
|
| 773 | 0 |
_058091 _9320187 _aSociedad Dominicana de Geología (SODOGEO) _o2025-0525 _tGeo noticias / _x2636-1981 |
|
| 942 |
_2ddc _cISSUE |
||
| 999 |
_c58094 _d58094 |
||